00896nam a2200205 a 450000100100000000500170001000800410002702000150006804000250008308200130010824502200012126000620034130000210040350000210042470000420044570000340048770000350052195201190055699900150067500000433120200929151426.0090721s1997 dr 001 0 spa d a848953814x aDO-SdBNPbspacBNPHU axxxbI6200aInvestigaciones y políticas para el desarrollo sostenible en República Dominicana :bprograma medio ambiente y desarrollo sostenible /cVíctor Eddy Ruíz B., Priscila Peña, Daniéle Perrot-Maitre editores. aSanto Domingo :bFondo Pro Naturaleza (PRONATURA),c1997. a166 p. ;c22 cm. aIncluye índice1 aRuíz B., Víctor Eddy,eed.9127741 aPeña, Priscila,eed.9127751 aPerrot-Maitre, Daniele,912776 001054708PDaPDbPDcCTd2009-07-23iLF1l0oxxx I62p4331-10r2020-06-25w2020-06-25yLFPDZPréstamo en sala c4140d4140